[Event "BCF-chT2c 0910 (4NCL) Promotion pool"]
[Site "England"]
[Date "2010.05.01"]
[Round "9.6"]
[White "Tweedie, Steven"]
[Black "Baruch, Andrew JD"]
[Result "0-1"]
[WhiteElo "2265"]
[BlackElo "2089"]
[PlyCount "82"]
[EventDate "2009.10.24"]
[EventType "team-tourn"]
[EventRounds "4"]
[EventCountry "ENG"]
[SourceTitle "EXT 2010"]
[Source "ChessBase"]
[SourceDate "2010.11.25"]
[SourceVersion "1"]
[SourceVersionDate "2010.11.25"]
[SourceQuality "1"]
[WhiteTeam "Sambuca Sharks"]
[BlackTeam "Warwicks Select"]
[WhiteTeamCountry "ENG"]
[BlackTeamCountry "ENG"]

1. e4 Nf6 2. e5 Nd5 3. d4 d6 4. c4 Nb6 5. exd6 cxd6 6. Nc3 g6 7. Be3 Bg7 8. Rc1 0-0 9. Nf3 Bg4 10. h3 Bxf3 11. Qxf3 Nc6 12. c5 e5 13. dxe5 dxc5 14. Bxc5 Nxe5 15. Qxb7 Re8 16. Be3 Nd3+ 17. Bxd3 Qxd3 18. Rd1 Bxc3+ 19. bxc3 Qxc3+ 20. Kf1 Nc4 21. Qf3 Rad8 22. Rxd8 Rxd8 23. Kg1 Nxe3 24. Qxe3 Qxe3 25. fxe3 Rd1+ 26. Kh2 Rxh1+ 27. Kxh1 Kg7 28. Kg1 Kf6 29. Kf2 Ke5 30. Ke2 Ke4 31. Kd2 g5 32. Ke2 h5 33. Kd2 h4 34. Ke2 f6 35. Kd2 f5 36. a3 a6 37. Ke2 g4 38. Kd2 gxh3 39. gxh3 Kf3 40. Kd3 Kg3 41. e4 f4 0-1

[Event "Edinburg op"]
[Site "Edinburgh"]
[Date "2009.04.04"]
[Round "2"]
[White "Tweedie, Steven"]
[Black "Ruxton, Keith"]
[Result "1-0"]
[WhiteElo "2259"]
[BlackElo "2315"]
[PlyCount "110"]
[EventDate "2009.04.03"]
[EventType "swiss"]
[EventRounds "5"]
[EventCountry "SCO"]
[SourceTitle "CBM 130 Extra"]
[Source "ChessBase"]
[SourceDate "2009.07.02"]
[SourceVersion "2"]
[SourceVersionDate "2009.07.15"]
[SourceQuality "1"]

1. e4 c5 2. Nc3 d6 3. g3 g6 4. Bg2 Bg7 5. d3 Nc6 6. Be3 e5 7. Qd2 Nge7 8. f4 Nd4 9. Nd1 exf4 10. gxf4 d5 11. c3 Ne6 12. Ne2 0-0 13. 0-0 f5 14. e5 Rb8 15. d4 c4 16. b4 Nc7 17. a4 Be6 18. Kh1 Qd7 19. Nb2 a5 20. b5 Na8 21. Rfb1 Nb6 22. Rf1 Kf7 23. Ng1 Rh8 24. Nf3 Rbg8 25. Kg1 Nec8 26. Kf2 Bf8 27. Rg1 Be7 28. Ke2 Ke8 29. Bh1 Kd8 30. Kd1 Kc7 31. Bg2 Kb8 32. Kc2 Na8 33. Bf1 Ncb6 34. Be2 Nc7 35. Kd1 Qd8 36. Ke1 Bc8 37. Bd1 Ne6 38. Bc2 Qf8 39. Ke2 h6 40. Raf1 g5 41. Nd1 g4 42. Ne1 Qf7 43. Ng2 h5 44. Nf2 h4 45. Kd1 Ba3 46. Ne1 Bd7 47. Nxg4 Rxg4 48. Rxg4 fxg4 49. f5 Nc7 50. Qg2 g3 51. hxg3 hxg3 52. Qxg3 Qh5+ 53. Qf3 Qxf3+ 54. Nxf3 Nxa4 55. Bxa4 Bxf5 1-0

[Event "Edinburg op"]
[Site "Edinburgh"]
[Date "2009.04.03"]
[Round "1"]
[White "Arakhamia Grant, Ketevan"]
[Black "Tweedie, Steven"]
[Result "0-1"]
[WhiteElo "2492"]
[BlackElo "2259"]
[PlyCount "108"]
[EventDate "2009.04.03"]
[EventType "swiss"]
[EventRounds "5"]
[EventCountry "SCO"]
[SourceTitle "CBM 130 Extra"]
[Source "ChessBase"]
[SourceDate "2009.07.02"]
[SourceVersion "2"]
[SourceVersionDate "2009.07.15"]
[SourceQuality "1"]

1. e4 e5 2. Nf3 Nc6 3. Bb5 a6 4. Ba4 Nf6 5. 0-0 b5 6. Bb3 Bc5 7. d3 d6 8. a4 Rb8 9. c3 0-0 10. Bg5 h6 11. Bh4 g5 12. Bg3 Bg4 13. h3 Bh5 14. Nbd2 Bg6 15. axb5 axb5 16. Re1 Nh5 17. Nf1 Bb6 18. d4 exd4 19. cxd4 Nxg3 20. Nxg3 Qf6 21. e5 dxe5 22. dxe5 Qf4 23. Ne2 Qf5 24. Nc3 Rbe8 25. Qd5 Nb4 26. Qxb5 Nd3 27. Re2 Nf4 28. Rd2 Nxh3+ 29. Kf1 Nxf2 30. Bc2 Qxc2 31. Rxc2 Bd3+ 32. Qxd3 Nxd3 33. Nd5 Kg7 34. Nxb6 cxb6 35. Rc6 Nxe5 36. Nxe5 Rxe5 37. Rxb6 Rf5+ 38. Kg1 Rc8 39. b4 Rc2 40. Rf1 Rxf1+ 41. Kxf1 h5 42. b5 Rb2 43. Rb8 Kg6 44. b6 Kf5 45. b7 Kg4 46. Ke1 h4 47. Kf1 f5 48. Ke1 Kf4 49. Kf1 g4 50. Rh8 Rxb7 51. Rxh4 Kg3 52. Rh5 Rb1+ 53. Ke2 f4 54. Rg5 Rg1 0-1

[Event "EU-Cup 22nd"]
[Site "Fuegen"]
[Date "2006.10.14"]
[Round "7.2"]
[White "Tweedie, Steven"]
[Black "Heidenfeld, Mark"]
[Result "1/2-1/2"]
[WhiteElo "2239"]
[BlackElo "2365"]
[PlyCount "46"]
[EventDate "2006.10.08"]
[EventType "team-swiss"]
[EventRounds "7"]
[EventCountry "AUT"]
[SourceTitle "CBM 115"]
[Source "ChessBase"]
[SourceDate "2006.11.15"]
[SourceVersion "1"]
[SourceVersionDate "2006.11.15"]
[SourceQuality "1"]
[WhiteTeam "Slough Sharks"]
[BlackTeam "Kilkenny"]
[WhiteTeamCountry "ENG"]
[BlackTeamCountry "IRL"]

1. e4 e5 2. Nf3 Nc6 3. Bc4 Nf6 4. d3 Be7 5. 0-0 0-0 6. c3 d5 7. exd5 Nxd5 8. h3 Nb6 9. Bb3 Bf5 10. Bc2 Qd5 11. Bg5 Rad8 12. Bxe7 Nxe7 13. d4 Bxc2 14. Qxc2 Nc6 15. Nxe5 Nxe5 16. dxe5 Nc4 17. b3 Nxe5 18. c4 Qd3 19. Na3 Qxc2 20. Nxc2 Rd2 21. Ne3 Rfd8 22. Rfd1 Kf8 23. Kf1 c6 1/2-1/2

[Event "BCF-chT 0607 (4NCL)"]
[Site "Sunningdale"]
[Date "2006.09.16"]
[Round "1.3"]
[White "Jones, Richard S"]
[Black "Tweedie, Steven"]
[Result "0-1"]
[WhiteElo "2342"]
[BlackElo "2241"]
[PlyCount "114"]
[EventDate "2006.09.16"]
[EventType "team"]
[EventRounds "11"]
[EventCountry "ENG"]
[SourceTitle "EXT 2008"]
[Source "ChessBase"]
[SourceDate "2007.11.25"]
[SourceVersion "1"]
[SourceVersionDate "2007.11.25"]
[SourceQuality "1"]
[WhiteTeam "SW Dragons"]
[BlackTeam "Slough Sharks"]
[WhiteTeamCountry "ENG"]
[BlackTeamCountry "ENG"]

1. e4 e5 2. Nf3 Nc6 3. Bb5 a6 4. Ba4 Nf6 5. 0-0 b5 6. Bb3 Bc5 7. c3 d6 8. a4 Bb7 9. d4 Bb6 10. Re1 h6 11. Qd3 0-0 12. Nbd2 Re8 13. d5 Ne7 14. Nf1 Qd7 15. Bc2 Nexd5 16. Nh4 Nf4 17. Bxf4 exf4 18. Nd2 Ng4 19. Rf1 Ne5 20. Qe2 Qg4 21. Qxg4 Nxg4 22. h3 Nf6 23. Rfe1 g6 24. Nhf3 Kf8 25. Bd3 Re7 26. e5 dxe5 27. Rxe5 Rxe5 28. Nxe5 Re8 29. Nef3 Bxf3 30. Nxf3 Ne4 31. Bxe4 Rxe4 32. axb5 axb5 33. Kf1 Ra4 34. Rd1 b4 35. cxb4 Rxb4 36. Rd2 Re4 37. Rc2 Ke7 38. Nd2 Rb4 39. Nc4 Kf6 40. Nxb6 cxb6 41. f3 Kf5 42. Rd2 Rb5 43. Re2 g5 44. Rd2 h5 45. Re2 g4 46. hxg4+ hxg4 47. fxg4+ Kxg4 48. Kf2 Rb3 49. Rd2 f5 50. Rc2 Rd3 51. Ke2 Rg3 52. Kf2 f3 53. Rc4+ f4 54. gxf3+ Rxf3+ 55. Kg2 Rd3 56. Rc2 b5 57. Rf2 f3+ 0-1

[Event "BCF-chT3 0506 (4NCL)"]
[Site "Birmingham"]
[Date "2006.03.04"]
[Round "7.5"]
[White "Tweedie, Steven"]
[Black "Freeman, Richard"]
[Result "1-0"]
[WhiteElo "2228"]
[BlackElo "2088"]
[PlyCount "73"]
[EventDate "2005.10.22"]
[EventType "team"]
[EventRounds "11"]
[EventCountry "ENG"]
[SourceTitle "EXT 2007"]
[Source "ChessBase"]
[SourceDate "2006.11.23"]
[SourceVersion "1"]
[SourceVersionDate "2006.11.23"]
[SourceQuality "1"]
[WhiteTeam "Slough Sharks II"]
[BlackTeam "FCA Solutions"]
[WhiteTeamCountry "ENG"]
[BlackTeamCountry "ENG"]

1. e4 c5 2. Nc3 Nc6 3. g3 g6 4. Bg2 Bg7 5. d3 d6 6. Be3 e5 7. f4 Nge7 8. Nf3 0-0 9. 0-0 f5 10. fxe5 Nxe5 11. Nxe5 Bxe5 12. d4 cxd4 13. Bxd4 Nc6 14. Bxe5 dxe5 15. Qxd8 Rxd8 16. Nd5 Kf7 17. Rae1 Be6 18. Ne3 Rd2 19. exf5 Bxa2 20. fxg6+ Kxg6 21. Be4+ Kg7 22. b3 Rc8 23. Ra1 Nb4 24. Rf2 Rxf2 25. Kxf2 b5 26. Ke2 a5 27. Nf5+ Kf6 28. Nd6 Rd8 29. Nxb5 a4 30. bxa4 Bc4+ 31. Ke3 Rb8 32. Rb1 Na6 33. Na3 Rxb1 34. Nxb1 Nc5 35. Nd2 Ba6 36. Bc6 h5 37. Ne4+ 1-0

[Event "Blackpool op 30th"]
[Site "Blackpool"]
[Date "2006.03.??"]
[Round "3"]
[White "Tweedie, Steven"]
[Black "Trent, Lawrence"]
[Result "1/2-1/2"]
[WhiteElo "2228"]
[BlackElo "2423"]
[PlyCount "62"]
[EventDate "2006.03.??"]
[EventType "swiss"]
[EventRounds "5"]
[EventCountry "ENG"]
[SourceTitle "CBM 111 Extra"]
[Source "ChessBase"]
[SourceDate "2006.05.09"]
[SourceVersion "1"]
[SourceVersionDate "2006.05.09"]
[SourceQuality "1"]

1. e4 e5 2. Nf3 Nc6 3. Bc4 Nf6 4. d3 Be7 5. 0-0 0-0 6. c3 d5 7. exd5 Nxd5 8. Re1 Bg4 9. Nbd2 Kh8 10. h3 Bh5 11. Ne4 f6 12. Ng3 Bf7 13. Bb5 Bd6 14. Ne4 Nde7 15. d4 Ng6 16. dxe5 Bxe5 17. Bxc6 bxc6 18. Nxe5 Nxe5 19. Qxd8 Rfxd8 20. b3 Nd3 21. Re3 a5 22. Ba3 Nf4 23. c4 a4 24. Kh2 Bg6 25. Nc5 axb3 26. axb3 h6 27. Ne6 Nxe6 28. Rxe6 Rd3 29. Rxc6 Rxb3 30. Bb2 Rd8 31. Bc1 Rb7 1/2-1/2

[Event "BCF-chT3 0506 (4NCL)"]
[Site "Birmingham"]
[Date "2005.11.20"]
[Round "4.1"]
[White "Tweedie, Steven"]
[Black "Goodger, Martyn"]
[Result "1/2-1/2"]
[WhiteElo "2224"]
[BlackElo "2162"]
[PlyCount "39"]
[EventDate "2005.10.22"]
[EventType "team"]
[EventRounds "11"]
[EventCountry "ENG"]
[SourceTitle "EXT 2007"]
[Source "ChessBase"]
[SourceDate "2006.11.23"]
[SourceVersion "1"]
[SourceVersionDate "2006.11.23"]
[SourceQuality "1"]
[WhiteTeam "Slough Sharks II"]
[BlackTeam "Poisoned Pawns II"]
[WhiteTeamCountry "ENG"]
[BlackTeamCountry "ENG"]

1. e4 e5 2. Nf3 Nf6 3. Nxe5 d6 4. Nf3 Nxe4 5. Qe2 Qe7 6. d3 Nf6 7. Bg5 Nbd7 8. Nbd2 Qxe2+ 9. Bxe2 h6 10. Be3 g6 11. 0-0-0 Bg7 12. h3 Nb6 13. c4 0-0 14. d4 Bd7 15. Nb1 Rad8 16. Nc3 Na4 17. Nxa4 Bxa4 18. Rd3 Bd7 19. d5 Ne4 20. Nd4 1/2-1/2

[Event "SCO-ch"]
[Site "Oban"]
[Date "2005.07.08"]
[Round "7"]
[White "Pritchett, Craig William"]
[Black "Tweedie, Steven"]
[Result "1-0"]
[WhiteElo "2288"]
[BlackElo "2172"]
[PlyCount "81"]
[EventDate "2005.07.02"]
[EventType "swiss"]
[EventRounds "9"]
[EventCountry "SCO"]
[SourceTitle "CBM 107 Extra"]
[Source "ChessBase"]
[SourceDate "2005.09.01"]
[SourceVersion "1"]
[SourceVersionDate "2005.09.01"]
[SourceQuality "1"]

1. c4 e6 2. Nc3 d5 3. d4 c6 4. e3 Nf6 5. Nf3 Nbd7 6. Qc2 Bd6 7. Bd3 dxc4 8. Bxc4 a6 9. a3 b5 10. Ba2 Bb7 11. e4 e5 12. Bg5 0-0 13. Rd1 Qe7 14. Nh4 exd4 15. Nf5 Qe5 16. f4 Qc5 17. Rxd4 Nxe4 18. Qxe4 Rfe8 19. Bxf7+ Kxf7 20. Nxd6+ Kf8 21. Nxe8 Rxe8 22. Qxe8+ Kxe8 23. Re4+ Kf7 24. Re7+ Kg6 25. Rxd7 Bc8 26. Re7 a5 27. Rf1 b4 28. axb4 axb4 29. Nd1 Bg4 30. Ne3 Qc1+ 31. Kf2 Qxb2+ 32. Kg3 Be2 33. Rf2 b3 34. h4 h6 35. f5+ Kh5 36. Bf4 Qf6 37. Rxe2 b2 38. Kf3 Qxf5 39. Nxf5 b1Q 40. g4+ Kg6 41. h5+ 1-0

[Event "SCO-ch"]
[Site "Oban"]
[Date "2005.07.02"]
[Round "1"]
[White "Tweedie, Steven"]
[Black "Aagaard, Jacob"]
[Result "0-1"]
[WhiteElo "2172"]
[BlackElo "2442"]
[PlyCount "62"]
[EventDate "2005.07.02"]
[EventType "swiss"]
[EventRounds "9"]
[EventCountry "SCO"]
[SourceTitle "CBM 107 Extra"]
[Source "ChessBase"]
[SourceDate "2005.09.01"]
[SourceVersion "1"]
[SourceVersionDate "2005.09.01"]
[SourceQuality "1"]

1. e4 g6 2. Nc3 Bg7 3. g3 c5 4. Bg2 Nc6 5. d3 d6 6. Be3 Rb8 7. Qd2 b5 8. Nge2 Nd4 9. 0-0 b4 10. Nd1 e6 11. Nc1 a5 12. a3 Ne7 13. axb4 axb4 14. c3 Ndc6 15. Bh6 0-0 16. Bxg7 Kxg7 17. Ne3 d5 18. exd5 exd5 19. d4 bxc3 20. bxc3 cxd4 21. cxd4 Nf5 22. Nxd5 Rb5 23. Nc3 Ncxd4 24. Rd1 Rc5 25. Na4 Rc2 26. Qd3 Qf6 27. g4 Qh4 28. Rd2 Rxd2 29. Qxd2 Qxg4 30. Ra3 Nh4 31. Rg3 Nhf3+ 0-1

[Event "Grangemouth op"]
[Site "Grangemouth"]
[Date "2003.09.??"]
[Round "2"]
[White "Tweedie, Steven"]
[Black "Mannion, Stephen R"]
[Result "1/2-1/2"]
[WhiteElo "2050"]
[BlackElo "2358"]
[PlyCount "99"]
[EventDate "2003.09.??"]
[EventType "swiss"]
[EventRounds "5"]
[EventCountry "SCO"]
[SourceTitle "EXT 2006"]
[Source "ChessBase"]
[SourceDate "2005.11.24"]
[SourceVersion "1"]
[SourceVersionDate "2005.11.24"]
[SourceQuality "1"]

1. e4 e5 2. Nf3 Nc6 3. Bb5 a6 4. Ba4 Nf6 5. 0-0 Be7 6. Re1 b5 7. Bb3 d6 8. c3 0-0 9. d3 Na5 10. Bc2 c5 11. d4 Qc7 12. Bg5 h6 13. Bh4 Re8 14. Nbd2 Bd7 15. Nf1 Nc4 16. b3 Nb6 17. Ne3 a5 18. Qe2 a4 19. dxe5 dxe5 20. c4 axb3 21. axb3 b4 22. Nd5 Nbxd5 23. exd5 Rxa1 24. Rxa1 e4 25. Nd2 Bf5 26. Bg3 Bd6 27. Nf1 Bg6 28. Ra6 Bxg3 29. Nxg3 Qe5 30. h3 h5 31. Rc6 e3 32. Bxg6 fxg6 33. Nf1 exf2+ 34. Qxf2 Ne4 35. Qe3 Rf8 36. Re6 Qa1 37. Qxe4 Rxf1+ 38. Kh2 Qc1 39. Rxg6 h4 40. Qxh4 Rh1+ 41. Kg3 Qe1+ 42. Kg4 Qe2+ 43. Kg5 Rf1 44. Re6 Qd2+ 45. Kg6 Qxg2+ 46. Qg4 Qc2+ 47. Kg5 Rf8 48. Re4 Qc1+ 49. Kh4 Qh6+ 50. Kg3 1/2-1/2

[Event "Hawick Major op"]
[Site "Hawick"]
[Date "2003.??.??"]
[Round "4"]
[White "Tweedie, Steven"]
[Black "Wiltshire, Richard"]
[Result "1-0"]
[WhiteElo "1985"]
[BlackElo "1960"]
[PlyCount "83"]
[EventDate "2003.06.??"]
[EventType "swiss"]
[EventRounds "5"]
[EventCountry "SCO"]
[SourceTitle "EXT 2010"]
[Source "ChessBase"]
[SourceDate "2010.11.25"]
[SourceVersion "1"]
[SourceVersionDate "2010.11.25"]
[SourceQuality "1"]

1. e4 d5 2. exd5 Qxd5 3. Nc3 Qa5 4. d4 e5 5. dxe5 Bb4 6. Bd2 Nc6 7. Nf3 Bg4 8. a3 Nd4 9. Bb5+ c6 10. 0-0 Bxf3 11. axb4 Bxd1 12. bxa5 Bxc2 13. Ba4 Ne7 14. Bxc2 Nxc2 15. Ra4 Rd8 16. Ne4 Nf5 17. g4 Rd4 18. Rxd4 Nfxd4 19. Nd6+ Ke7 20. Bc3 Rd8 21. Rd1 c5 22. Kg2 Rd7 23. b4 Ne2 24. bxc5 Nxc3 25. Rc1 Ne3+ 26. fxe3 Nd5 27. Kf3 Ke6 28. Ke4 Nb4 29. Rb1 Nc6 30. Rxb7 Nxe5 31. Rb8 Nxg4 32. c6 Nf6+ 33. Kf3 Rc7 34. Nb5 Rxc6 35. Nd4+ Kd5 36. Nxc6 Kxc6 37. a6 Nd7 38. Rb7 Ne5+ 39. Ke2 g5 40. Rxa7 h5 41. Rb7 g4 42. Rb1 1-0

[Event "Hawick op"]
[Site "Hawick"]
[Date "2002.06.??"]
[Round "3"]
[White "McNally, Bruce"]
[Black "Tweedie, Steven"]
[Result "1/2-1/2"]
[WhiteElo "2021"]
[BlackElo "2104"]
[PlyCount "66"]
[EventDate "2002.06.23"]
[EventType "swiss"]
[EventRounds "5"]
[EventCountry "SCO"]
[SourceTitle "EXT 2004"]
[Source "ChessBase"]
[SourceDate "2003.11.25"]
[SourceVersion "1"]
[SourceVersionDate "2003.11.25"]
[SourceQuality "1"]

1. d4 d5 2. c4 e6 3. Nc3 c6 4. cxd5 exd5 5. e4 dxe4 6. Nxe4 Bb4+ 7. Nc3 Nf6 8. Bc4 0-0 9. Nge2 Bd6 10. Bg5 Bf5 11. Bh4 Nbd7 12. Bg3 Nb6 13. Bd3 Bxd3 14. Qxd3 Re8 15. 0-0 Bxg3 16. Nxg3 Qd7 17. Rad1 Rad8 18. Qf3 Qg4 19. Qxg4 Nxg4 20. Nge4 Nd5 21. h3 Nxc3 22. Nxc3 Nf6 23. f3 Rd7 24. Rd3 Nh5 25. Rfd1 Red8 26. b4 Nf4 27. R3d2 Ne6 28. Ne2 Kf8 29. Kf2 Rd5 30. g3 Rf5 31. g4 Rf6 32. Kg3 Ng5 33. Ng1 Rfd6 1/2-1/2

[Event "Edinburgh FIDE A"]
[Site "Edinburgh"]
[Date "2002.??.??"]
[Round "3"]
[White "Quilter, Thomas A"]
[Black "Tweedie, Steven"]
[Result "1/2-1/2"]
[WhiteElo "2054"]
[BlackElo "2104"]
[PlyCount "35"]
[EventDate "2002.??.??"]
[EventType "tourn"]
[EventRounds "9"]
[EventCountry "SCO"]
[SourceTitle "EXT 2004"]
[Source "ChessBase"]
[SourceDate "2003.11.25"]
[SourceVersion "1"]
[SourceVersionDate "2003.11.25"]
[SourceQuality "1"]

1. Nc3 d5 2. e4 dxe4 3. Nxe4 e6 4. d4 Be7 5. Nf3 Nf6 6. Bd3 b6 7. 0-0 Bb7 8. Qe2 0-0 9. c3 Nbd7 10. Bf4 c5 11. Rfd1 cxd4 12. cxd4 Nxe4 13. Bxe4 Bxe4 14. Qxe4 Nf6 15. Qb7 Nd5 16. Bg3 Qc8 17. Qxc8 Raxc8 18. Rac1 1/2-1/2